000
00338nam a2200169Ia 4500
100
_a
Yaghmour/Karim
650
_a
Android
942
_c
BK
366
_f
20
654
_a
android
245
_a
Embedded Android
260
_b
Oreilly
_c
2013
082
_a
5.133
_b
YAG
300
_a
385
546
_a
ENGLISH
_c
electronics
999
_c
27114
_d
27114